000 00729nab a22002297a 4500
001 07452
003 HDC
007 cr bn ---aaaaa
008 210128c20180208my ||||| |||| 00| 0 may d
040 _aHDC
245 0 _aKepesatan pertumbuhan negara dijangka berterusan
336 _atext
_2rdacontent
337 _acomputer
_2rdamedia
338 _aonline resource
_2rdacarrier
650 _aEconimics
_zMalaysia
_97998
650 _aEconomic development
_94486
710 _aUtusan Malaysia
856 _zRequest full-text at [email protected]
942 _2lcc
942 _cNEWS
942 _kNWSC 001990
999 _c4775
_d4775